<?xml version="1.0" encoding="UTF-8"?>
<record
    xmlns:xsi="http://www.w3.org/2001/XMLSchema-instance"
    xsi:schemaLocation="http://www.loc.gov/MARC21/slim http://www.loc.gov/standards/marcxml/schema/MARC21slim.xsd"
    xmlns="http://www.loc.gov/MARC21/slim">

  <leader>00558nam a22001337a 4500</leader>
  <datafield tag="040" ind1=" " ind2=" ">
    <subfield code="c">RUA</subfield>
  </datafield>
  <datafield tag="082" ind1=" " ind2=" ">
    <subfield code="a">VEM OUS 2015 B530 Or.</subfield>
  </datafield>
  <datafield tag="100" ind1=" " ind2=" ">
    <subfield code="a">OU SOKNEAM; &#x17A2;&#x17CA;&#x17BC; &#x179F;&#x17BB;&#x1781;&#x1793;&#x17B6;&#x1798;</subfield>
  </datafield>
  <datafield tag="245" ind1=" " ind2=" ">
    <subfield code="a">Survey on foot and mouth disease on cattle at Khan Chbar Ampov, Phnom Penh; &#x1780;&#x17B6;&#x179A;&#x17A2;&#x1784;&#x17D2;&#x1780;&#x17C1;&#x178F;&#x1796;&#x17B8;&#x1787;&#x17C6;&#x1784;&#x17BA;&#x17A2;&#x17BB;&#x178F;&#x1780;&#x17D2;&#x178A;&#x17B6;&#x1798;&#x179B;&#x17BE;&#x1782;&#x17C4;&#x1793;&#x17C5;&#x1781;&#x178E;&#x17D2;&#x178C;&#x1785;&#x17D2;&#x1794;&#x17B6;&#x179A;&#x17A2;&#x17C6;&#x1796;&#x17C5; &#x179A;&#x17B6;&#x1787;&#x1792;&#x17B6;&#x1793;&#x17B8;&#x1797;&#x17D2;&#x1793;&#x17C6;&#x1796;&#x17C1;&#x1789;</subfield>
  </datafield>
  <datafield tag="260" ind1=" " ind2=" ">
    <subfield code="a">Phnom Penh</subfield>
    <subfield code="b">RUA</subfield>
    <subfield code="c">2015</subfield>
  </datafield>
  <datafield tag="300" ind1=" " ind2=" ">
    <subfield code="a">viii; 40p;</subfield>
    <subfield code="b">&#xED;ll;</subfield>
    <subfield code="c">29cm;</subfield>
  </datafield>
  <datafield tag="856" ind1=" " ind2=" ">
    <subfield code="u">OU SOKNEAM</subfield>
  </datafield>
  <datafield tag="942" ind1=" " ind2=" ">
    <subfield code="c">VEM</subfield>
  </datafield>
  <datafield tag="999" ind1=" " ind2=" ">
    <subfield code="c">10822</subfield>
    <subfield code="d">10822</subfield>
  </datafield>
  <datafield tag="952" ind1=" " ind2=" ">
    <subfield code="0">0</subfield>
    <subfield code="1">0</subfield>
    <subfield code="2">ddc</subfield>
    <subfield code="4">0</subfield>
    <subfield code="6">VEM_OUS_2015_000000000000000_B530_OR_1</subfield>
    <subfield code="7">0</subfield>
    <subfield code="9">56570</subfield>
    <subfield code="a">LBB</subfield>
    <subfield code="b">LBB</subfield>
    <subfield code="c">B530</subfield>
    <subfield code="d">2016-11-10</subfield>
    <subfield code="o">VEM OUS 2015 B530 Or.1</subfield>
    <subfield code="p">A03013</subfield>
    <subfield code="r">2016-11-10</subfield>
    <subfield code="w">2016-11-10</subfield>
    <subfield code="y">VEM</subfield>
  </datafield>
  <datafield tag="952" ind1=" " ind2=" ">
    <subfield code="0">0</subfield>
    <subfield code="1">0</subfield>
    <subfield code="2">ddc</subfield>
    <subfield code="4">0</subfield>
    <subfield code="6">VEM_OUS_2015_000000000000000_B530_OR_2</subfield>
    <subfield code="7">0</subfield>
    <subfield code="9">56571</subfield>
    <subfield code="a">LBB</subfield>
    <subfield code="b">LBB</subfield>
    <subfield code="c">B530</subfield>
    <subfield code="d">2016-11-10</subfield>
    <subfield code="o">VEM OUS 2015 B530 Or.2</subfield>
    <subfield code="p">A03146</subfield>
    <subfield code="r">2016-11-10</subfield>
    <subfield code="w">2016-11-10</subfield>
    <subfield code="y">VEM</subfield>
  </datafield>
  <datafield tag="952" ind1=" " ind2=" ">
    <subfield code="0">0</subfield>
    <subfield code="1">0</subfield>
    <subfield code="2">ddc</subfield>
    <subfield code="4">0</subfield>
    <subfield code="6">VEM_OUS_2015_000000000000000_B530_OR_3</subfield>
    <subfield code="7">0</subfield>
    <subfield code="9">56572</subfield>
    <subfield code="a">LBB</subfield>
    <subfield code="b">LBB</subfield>
    <subfield code="c">B530</subfield>
    <subfield code="d">2016-11-10</subfield>
    <subfield code="o">VEM OUS 2015 B530 Or.3</subfield>
    <subfield code="p">A04382</subfield>
    <subfield code="r">2016-11-10</subfield>
    <subfield code="w">2016-11-10</subfield>
    <subfield code="y">VEM</subfield>
  </datafield>
  <datafield tag="952" ind1=" " ind2=" ">
    <subfield code="0">0</subfield>
    <subfield code="1">0</subfield>
    <subfield code="2">ddc</subfield>
    <subfield code="4">0</subfield>
    <subfield code="6">VEM_OUS_2015_000000000000000_B530_OR_4</subfield>
    <subfield code="7">0</subfield>
    <subfield code="9">56573</subfield>
    <subfield code="a">LBB</subfield>
    <subfield code="b">LBB</subfield>
    <subfield code="c">B530</subfield>
    <subfield code="d">2016-11-10</subfield>
    <subfield code="o">VEM OUS 2015 B530 Or.4</subfield>
    <subfield code="p">A04129</subfield>
    <subfield code="r">2016-11-10</subfield>
    <subfield code="w">2016-11-10</subfield>
    <subfield code="y">VEM</subfield>
  </datafield>
  <datafield tag="952" ind1=" " ind2=" ">
    <subfield code="0">0</subfield>
    <subfield code="1">0</subfield>
    <subfield code="2">ddc</subfield>
    <subfield code="4">0</subfield>
    <subfield code="6">VEM_OUS_2015_000000000000000_B530_OR_5</subfield>
    <subfield code="7">0</subfield>
    <subfield code="9">56574</subfield>
    <subfield code="a">LBB</subfield>
    <subfield code="b">LBB</subfield>
    <subfield code="c">B530</subfield>
    <subfield code="d">2016-11-10</subfield>
    <subfield code="o">VEM OUS 2015 B530 Or.5</subfield>
    <subfield code="p">A03149</subfield>
    <subfield code="r">2016-11-10</subfield>
    <subfield code="w">2016-11-10</subfield>
    <subfield code="y">VEM</subfield>
  </datafield>
  <datafield tag="952" ind1=" " ind2=" ">
    <subfield code="0">0</subfield>
    <subfield code="1">0</subfield>
    <subfield code="2">ddc</subfield>
    <subfield code="4">0</subfield>
    <subfield code="6">VEM_OUS_2015_000000000000000_B530_OR_6</subfield>
    <subfield code="7">0</subfield>
    <subfield code="9">56575</subfield>
    <subfield code="a">LBB</subfield>
    <subfield code="b">LBB</subfield>
    <subfield code="c">B530</subfield>
    <subfield code="d">2016-11-10</subfield>
    <subfield code="o">VEM OUS 2015 B530 Or.6</subfield>
    <subfield code="p">A03156</subfield>
    <subfield code="r">2016-11-10</subfield>
    <subfield code="w">2016-11-10</subfield>
    <subfield code="y">VEM</subfield>
  </datafield>
  <datafield tag="952" ind1=" " ind2=" ">
    <subfield code="0">0</subfield>
    <subfield code="1">0</subfield>
    <subfield code="2">ddc</subfield>
    <subfield code="4">0</subfield>
    <subfield code="6">VEM_OUS_2015_000000000000000_B530_OR_7</subfield>
    <subfield code="7">0</subfield>
    <subfield code="9">56576</subfield>
    <subfield code="a">LBB</subfield>
    <subfield code="b">LBB</subfield>
    <subfield code="c">B530</subfield>
    <subfield code="d">2016-11-10</subfield>
    <subfield code="o">VEM OUS 2015 B530 Or.7</subfield>
    <subfield code="p">A02997</subfield>
    <subfield code="r">2016-11-10</subfield>
    <subfield code="w">2016-11-10</subfield>
    <subfield code="y">VEM</subfield>
  </datafield>
  <datafield tag="952" ind1=" " ind2=" ">
    <subfield code="0">0</subfield>
    <subfield code="1">0</subfield>
    <subfield code="4">0</subfield>
    <subfield code="6">VEM_OUS_2015_000000000000000_B694_OR</subfield>
    <subfield code="7">0</subfield>
    <subfield code="9">87583</subfield>
    <subfield code="a">LBB</subfield>
    <subfield code="b">LBB</subfield>
    <subfield code="c">B694</subfield>
    <subfield code="d">2021-11-22</subfield>
    <subfield code="o">VEM OUS 2015 B694 Or.</subfield>
    <subfield code="p">a066275</subfield>
    <subfield code="r">2021-11-22</subfield>
    <subfield code="y">VEM</subfield>
  </datafield>
  <datafield tag="952" ind1=" " ind2=" ">
    <subfield code="0">0</subfield>
    <subfield code="1">0</subfield>
    <subfield code="4">0</subfield>
    <subfield code="6">VEM_OUS_2015_000000000000000_B694_OR</subfield>
    <subfield code="7">0</subfield>
    <subfield code="9">87584</subfield>
    <subfield code="a">LBB</subfield>
    <subfield code="b">LBB</subfield>
    <subfield code="c">B694</subfield>
    <subfield code="d">2021-11-22</subfield>
    <subfield code="o">VEM OUS 2015 B694 Or.</subfield>
    <subfield code="p">a066074</subfield>
    <subfield code="r">2021-11-22</subfield>
    <subfield code="y">VEM</subfield>
  </datafield>
</record>
